Normal view
MARC view
- J.M. Martin, W. K. Smith
Entry Personal Name
001 - CONTROL NUMBER
- control field: 128866
003 - CONTROL NUMBER IDENTIFIER
- control field: NUST
005 - DATE AND TIME OF LATEST TRANSACTION
- control field: 20250507095453.0
008 - FIXED-LENGTH DATA ELEMENTS
- fixed length control field: 250507|| aca||aabn | a|a d
040 ## - CATALOGING SOURCE
- Original cataloging agency: NUST
- Transcribing agency: NUST
100 ## - HEADING--PERSONAL NAME
- Personal name: J.M. Martin, W. K. Smith
670 ## - SOURCE DATA FOUND
- Source citation: Work cat.: (NUST)564672: J.M. Martin, W. K. Smith, Handbook of Rubber Technology V-3 /, 2004
